000 00529nam a22001817a 4500
005 20180622143046.0
010 _aENG-123296
020 _c120.00
_a9788182650152
035 _aEN-106828
037 _bDBAD/PUB
082 _aS
100 _aBhattacharya, A. D.
245 _aThe immortal tales/
_cby A. D. Bhattacharya
260 _aNew Delhi
_bSrikunj Sadhavana Manch Published
_c2010
270 _aF-52, Bali Nagar Ramesh Nagar Metro Station
_bNew Delhi
_e110015
300 _a131p.
_c20cm(pbk)
942 _2ddc
_cEN
_mBHA
_hS
999 _c152978
_d152978